| 000 | 01037nam a2200325 a 4500 | ||
|---|---|---|---|
| 001 | 000013263 | ||
| 003 | DO-SdBNP | ||
| 005 | 20170216133209.0 | ||
| 008 | 091123s2004 dr abc 000 0 spa d | ||
| 040 |
_aBPMSU _bspa _cBPMSU |
||
| 100 | _aSantana, Máximo | ||
| 245 | 0 | 0 |
_aFísica 1 : _bmódulo del y la estudiante / _cMódulo Santana ; Violeta Morales Payán... [et. al] |
| 260 |
_aSanto Domingo : _bSecretaría de Estado de Educación _c2004 |
||
| 300 |
_a139 p. : _bil. ; _c28 cm. |
||
| 490 | 1 | _a | |
| 500 | _aNivel medio | ||
| 500 | _a | ||
| 700 | 1 |
_aMorales Payán, Violeta _e |
|
| 700 | 1 |
_a _e |
|
| 700 | 1 |
_a _e |
|
| 700 | 1 |
_a _e |
|
| 710 |
_aSecretaría de Estado de Educación _bDirección General de Currículo |
||
| 830 | 0 | _a | |
| 942 |
_2ddc _cBK |
||
| 956 |
_aVMATEO _b10 _c20170216 _lBPMSU _h0069 |
||
| 956 |
_aJPARRA _b10 _c20091123 _lBND01 _h1006 |
||
| 956 |
_aBATCH-UPD _b10 _c20091221 _lBND01 _h1405 |
||
| 956 |
_aBTAVAREZ _b10 _c20100225 _lBND01 _h1304 |
||
| 956 |
_aBTAVAREZ _b10 _c20100225 _lBND01 _h1316 |
||
| 999 |
_c12552 _d12552 |
||